EBSLG - European business schools librarian's group

Slovenská ekonomická knižnica (SEK) od r. 1994 v kooperačnom projekte spolupracovala na budovaní spoločnej európskej bázy dát pre oblasť obchodu. V roku 1999 bola SEK EU v Bratislave na výročnom zasadnutí EBSLG v Göteborgu prijatá za riadneho člena združenia. Hlavné ciele EBSLG. Organizačná štruktúr...

Full description

Saved in:
Bibliographic Details
Main Author: Gunárová, Ladislava
Format: Book Chapter
Language:Slovak
Subjects:
Tags: Add Tag
No Tags, Be the first to tag this record!

MARC

LEADER 00000naa$a2200000$$$4500
001 0030485
005 20220525095719.8
041 0 |a slo 
044 |a SK 
245 1 0 |a EBSLG - European business schools librarian's group  |c Ladislava Gunárová 
520 |a Slovenská ekonomická knižnica (SEK) od r. 1994 v kooperačnom projekte spolupracovala na budovaní spoločnej európskej bázy dát pre oblasť obchodu. V roku 1999 bola SEK EU v Bratislave na výročnom zasadnutí EBSLG v Göteborgu prijatá za riadneho člena združenia. Hlavné ciele EBSLG. Organizačná štruktúra združenia. Tri regionálne sekcie - anglofónna, kontinentálna a nordická sekcia. Perspektívy vývoja EBSLG. 
610 2 0 |a školy vysoké 
610 2 0 |a vzdelávanie 
610 2 0 |a vzdelávanie vysokoškolské 
610 2 0 |a knižnice 
610 2 0 |a obchod 
610 2 0 |a spolupráca vedecká medzinárodná 
610 2 0 |a štruktúra organizačná 
610 2 0 |a EBSLG 
100 1 |a Gunárová, Ladislava